Marketing mesta Púchov diplomová práca

Guardado en:
Detalles Bibliográficos
Autor principal: Kováčiková, Ingrid
Autor Corporativo: Obchodná fakulta EU. Katedra marketingu
Otros Autores: Hasprová, Mária, 1970-
Formato: Libro
Lenguaje:eslovaco
Publicado: Bratislava 2009
Etiquetas: Agregar Etiqueta
Sin Etiquetas, Sea el primero en etiquetar este registro!

MARC

LEADER 00000nam$a2200000$$$4500
001 0097961
005 20240318135411.4
041 0 |a slo 
044 |a SK 
245 1 0 |a Marketing mesta Púchov  |b diplomová práca  |c Ingrid Kováčiková ; škol. Mária Hasprová 
264 1 |a Bratislava  |c 2009 
300 |a 70 s. 
100 1 |a Kováčiková, Ingrid 
700 1 |a Hasprová, Mária, 1970- 
710 2 |a Obchodná fakulta EU. Katedra marketingu